[Event "only the better players(over 2400) leisure version"]
[Site "SchemingMind.com"]
[Date "2018.07.08"]
[Round "-"]
[White "sbb"]
[Black "Professor"]
[Result "1/2-1/2"]
[WhiteCountry "USA"]
[BlackCountry "USA"]
[WhiteElo "2548"]
[WhiteRD "73"]
[BlackElo "2541"]
[BlackRD "75"]
[GameID "430103"]

1. d4 Nf6 2. c4 e6 3. Nf3 Bb4+ 4. Bd2 a5 5. a3 Bxd2+ 6. Qxd2 O-O 7. Nc3 d6 8. Rd1 Qe7 9. e4 e5 10. dxe5 dxe5
11. Nd5 Nxd5 12. cxd5 Bg4 13. Be2 Nd7 14. Rc1 Bxf3 15. Bxf3 Nc5 16. Qc2 b6 17. O-O a4 18. Be2 Rfc8 19. Bc4 g6 20. Qe2 Kg7
21. Rce1 Rf8 22. f4 Rad8 23. f5 Rd6 24. Qe3 c6 25. dxc6 Rxc6 26. Rf3 h6 27. Ref1 Rf6 28. Bd5 Na6 29. Bc4 Nc5 30. Qe2 Nb7
31. Bd5 Nd6 32. fxg6=
1/2-1/2

[Event "only the better players(over 2400) leisure version"]
[Site "SchemingMind.com"]
[Date "2018.07.08"]
[Round "-"]
[White "Till Plewe"]
[Black "sbb"]
[Result "1/2-1/2"]
[WhiteCountry "JPN"]
[BlackCountry "USA"]
[WhiteElo "2477"]
[WhiteRD "79"]
[BlackElo "2545"]
[BlackRD "83"]
[GameID "430106"]

1. e4 e5 2. Bc4 Nf6 3. d3 c6 4. Nf3 d5 5. Bb3 a5 6. a4 Bb4+ 7. c3 Bd6 8. exd5 cxd5 9. Bg5 Be6 10. Na3 h6
11. Bh4 Nbd7 12. Nb5 Bb8 13. d4 e4 14. Nd2 Bf4 15. Nf1 g5 16. Bg3 Kf8 17. h4 Rg8 18. hxg5 hxg5 19. Qe2 Nb6 20. Ne3 Qe7
21. Qd2 Bd7 22. Nc7 Rc8 23. Bxf4 gxf4 24. Nexd5 e3 25. fxe3 fxe3 26. Qd3 Qd6 27. Nxb6 Qg3+ 28. Kd1 Rxc7 29. Nxd7+ Rxd7 30. Re1 Qxg2
31. Kc1 Re7 32. Kb1 Qe4 33. Qxe4 Nxe4 34. Bd5 Ng3 35. Kc2 Rg6 36. Rg1 Rg7 37. Rae1 f5 38. Kd3 f4 39. Rg2 Ke8 40. b4 axb4
41. cxb4 Kd8 42. a5 Kc7 43. b5 e2 44. Rh2 Kd6 45. Bg2 Nf5 46. Rxe2 Rg3+ 47. Kd2 f3 48. Bxf3 Rxf3 49. Rxe7 Nxe7 50. Rh6+ Kd7
51. a6=
1/2-1/2

[Event "only the better players(over 2400) leisure version"]
[Site "SchemingMind.com"]
[Date "2018.07.08"]
[Round "-"]
[White "sbb"]
[Black "Till Plewe"]
[Result "1/2-1/2"]
[WhiteCountry "USA"]
[BlackCountry "JPN"]
[WhiteElo "2524"]
[WhiteRD "73"]
[BlackElo "2483"]
[BlackRD "76"]
[GameID "430107"]

1. d4 d5 2. c4 Nc6 3. Nc3 dxc4 4. d5 Ne5 5. f4 Ng4 6. e4 e5 7. Nf3 Bc5 8. h3 Ne3 9. Bxe3 Bxe3 10. fxe5 Ne7
11. Bxc4 Ng6 12. Bb5+ Bd7 13. Qa4 Bf4 14. O-O Bxe5 15. Rad1 a6 16. Bxd7+ Qxd7 17. Qb4 Bd6 18. Qxb7 O-O 19. Qb3 Qe7 20. Qc2 Rae8
21. Kh1 Nh4 22. Qd3 Nxf3 23. Rxf3 h5 24. g3 Be5 25. Qc2 Rb8 26. b3=
1/2-1/2

[Event "only the better players(over 2400) leisure version"]
[Site "SchemingMind.com"]
[Date "2018.07.12"]
[Round "-"]
[White "kibic"]
[Black "sbb"]
[Result "1/2-1/2"]
[WhiteCountry "INT"]
[BlackCountry "USA"]
[WhiteElo "2547"]
[WhiteRD "87"]
[BlackElo "2545"]
[BlackRD "83"]
[GameID "430108"]

1. e4 e5 2. Nf3 Nc6 3. Bb5 a6 4. Ba4 Nf6 5. O-O Be7 6. Re1 b5 7. Bb3 O-O 8. c3 d5 9. exd5 Nxd5 10. Nxe5 Nxe5
11. Rxe5 c6 12. d4 Bd6 13. Re1 Qh4 14. g3 Qh3 15. Be3 Bg4 16. Qd3 Rae8 17. Nd2 Qh5 18. a4 Re6 19. axb5 axb5 20. Bxd5 Qxd5
21. Qf1 Qh5 22. f3 Bf5 23. Qf2 h6 24. d5 cxd5 25. Bc5 Bxc5 26. Qxc5 Rfe8 27. Rxe6 Rxe6 28. Qxb5 Kh7 29. g4 Qg5 30. Nf1 Bc2
31. Qc5 Re2 32. Ng3 Rd2=
1/2-1/2

[Event "only the better players(over 2400) leisure version"]
[Site "SchemingMind.com"]
[Date "2018.07.12"]
[Round "-"]
[White "sbb"]
[Black "kibic"]
[Result "1/2-1/2"]
[WhiteCountry "USA"]
[BlackCountry "INT"]
[WhiteElo "2548"]
[WhiteRD "73"]
[BlackElo "2560"]
[BlackRD "101"]
[GameID "430109"]

1. d4 d5 2. c4 c6 3. Nf3 Nf6 4. Nc3 e6 5. e3 Nbd7 6. b3 Bb4 7. Bd2 O-O 8. Bd3 dxc4 9. bxc4 e5 10. Be2 Re8
11. O-O b6 12. Qa4 c5 13. dxe5 Nxe5 14. Nxe5 Rxe5 15. Bf3 Bd7 16. Qc2 Rc8 17. a3 Ba5 18. Rfd1 Qe8 19. a4 Rd8 20. h3 h5
21. Nb5=
1/2-1/2

[Event "only the better players(over 2400) leisure version"]
[Site "SchemingMind.com"]
[Date "2018.07.12"]
[Round "-"]
[White "frankly"]
[Black "sbb"]
[Result "1/2-1/2"]
[WhiteCountry "ENG"]
[BlackCountry "USA"]
[WhiteElo "2589"]
[WhiteRD "71"]
[BlackElo "2524"]
[BlackRD "73"]
[GameID "430110"]

1. e4 e5 2. Nf3 Nc6 3. Bb5 a6 4. Ba4 Nf6 5. O-O Be7 6. Re1 b5 7. Bb3 O-O 8. h3 Bb7 9. d3 d5 10. exd5 Nxd5
11. Nxe5 Nxe5 12. Rxe5 Qd6 13. Re1 Rae8 14. Nd2 c5 15. Ne4 Qc6 16. c4 Nb6 17. f3 Bh4 18. Rf1 Qc7 19. cxb5 axb5 20. a4 c4
21. dxc4 bxa4 22. Qd6 Qxd6 23. Nxd6 axb3 24. c5 Nc4 25. Nxb7 Ne3 26. Bxe3 Rxe3 27. Ra4 Bf6= 28. Kf2 Rfe8 29. Nd6 Re2+ 30. Kg1 Rf8
31. Rc4 Rd2 32. Ne4 Rxb2=
1/2-1/2

[Event "only the better players(over 2400) leisure version"]
[Site "SchemingMind.com"]
[Date "2018.07.12"]
[Round "-"]
[White "sbb"]
[Black "frankly"]
[Result "1/2-1/2"]
[WhiteCountry "USA"]
[BlackCountry "ENG"]
[WhiteElo "2523"]
[WhiteRD "80"]
[BlackElo "2595"]
[BlackRD "69"]
[GameID "430111"]

1. d4 Nf6 2. c4 e6 3. Nf3 b6 4. g3 Ba6 5. Nbd2 Bb7 6. Bg2 c5 7. e4 cxd4 8. O-O d6 9. Nxd4 Qc8 10. b3 Be7
11. Bb2 a6 12. Nc2 Nbd7 13. Qe2 Qc7 14. Rac1 O-O 15. Rfd1 Rfd8 16. Nb1 Rac8 17. Nc3 h5 18. Ne3 Bf8 19. Rd2 g6 20. Rcd1 Ne8
21. f4 Bh6 22. b4 Bg7 23. a3 b5 24. cxb5 Bxc3 25. Rc2 Qb6 26. Rxc3 axb5 27. f5 e5 28. Rxc8 Rxc8 29. fxg6 fxg6 30. Qd3 h4
31. gxh4 Ndf6 32. Rf1=
1/2-1/2

[Event "only the better players(over 2400) leisure version"]
[Site "SchemingMind.com"]
[Date "2018.07.07"]
[Round "-"]
[White "Ramesh Panwar"]
[Black "sbb"]
[Result "1/2-1/2"]
[WhiteCountry "IND"]
[BlackCountry "USA"]
[WhiteElo "2439"]
[WhiteRD "107"]
[BlackElo "2523"]
[BlackRD "80"]
[GameID "430112"]

1. e4 e5 2. Nf3 Nc6 3. Bb5 a6 4. Ba4 Nf6 5. O-O Be7 6. Re1 b5 7. Bb3 O-O 8. c3 d5 9. exd5 Nxd5 10. Nxe5 Nxe5
11. Rxe5 c6 12. Re1 Bd6 13. d4 Qh4 14. g3 Qh3 15. Qe2 Bg4 16. Qf1 Qh5 17. Nd2 Rae8 18. f3 Rxe1 19. Qxe1 Bxf3 20. Nxf3 Qxf3
21. Bd2 Qg4 22. a4 Qd7 23. Qf2 Re8 24. Qf3 Bf8 25. Rf1 g6 26. Rf2 Re6=
1/2-1/2

[Event "only the better players(over 2400) leisure version"]
[Site "SchemingMind.com"]
[Date "2018.07.07"]
[Round "-"]
[White "sbb"]
[Black "Ramesh Panwar"]
[Result "1/2-1/2"]
[WhiteCountry "USA"]
[BlackCountry "IND"]
[WhiteElo "2523"]
[WhiteRD "80"]
[BlackElo "2439"]
[BlackRD "107"]
[GameID "430113"]

1. d4 Nf6 2. c4 e6 3. Nf3 b6 4. g3 Bb7 5. Bg2 Bb4+ 6. Bd2 Bxd2+ 7. Qxd2 O-O 8. Nc3 d5 9. cxd5 exd5 10. O-O Re8
11. b4 Nbd7 12. Qb2 c6 13. a4 a5 14. bxa5 Rxa5 15. Nd2 Ra7 16. Rfd1 h6 17. e3 Qc7 18. Rac1 Qb8 19. Rb1 Ba6 20. Qc2 Qc7
21. Rbc1 Qb8 22. Qb2 Bb7 23. Rb1 Ba6 24. Qc2 Qc7 25. Rbc1 Qb8=
1/2-1/2

[Event "only the better players(over 2400) leisure version"]
[Site "SchemingMind.com"]
[Date "2018.07.07"]
[Round "-"]
[White "sbb"]
[Black "Keithk"]
[Result "1/2-1/2"]
[WhiteCountry "USA"]
[BlackCountry "ENG"]
[WhiteElo "2512"]
[WhiteRD "87"]
[BlackElo "2529"]
[BlackRD "59"]
[GameID "430114"]

1. d4 Nf6 2. c4 e6 3. Nf3 d5 4. Nc3 c6 5. Bg5 h6 6. Bh4 dxc4 7. e4 g5 8. Bg3 b5 9. Be2 Bb7 10. Qc2 Nbd7
11. Rd1 Nh5 12. d5 cxd5 13. exd5 exd5 14. Nxd5 Nxg3 15. hxg3 Bg7 16. Ne3 Qa5+ 17. Kf1= Rd8 18. Nf5 Kf8 19. Rd6 Qxa2 20. Nxg7 Kxg7
21. Qd2 Qb1+ 22. Bd1 Bc8 23. Rhxh6=
1/2-1/2

[Event "only the better players(over 2400) leisure version"]
[Site "SchemingMind.com"]
[Date "2018.07.08"]
[Round "-"]
[White "Keithk"]
[Black "sbb"]
[Result "1/2-1/2"]
[WhiteCountry "ENG"]
[BlackCountry "USA"]
[WhiteElo "2561"]
[WhiteRD "61"]
[BlackElo "2524"]
[BlackRD "73"]
[GameID "430115"]

1. e4 e5 2. Nf3 Nc6 3. Bb5 a6 4. Ba4 Nf6 5. O-O Be7 6. Re1 b5 7. Bb3 O-O 8. c3 d5 9. exd5 Nxd5 10. Nxe5 Nxe5
11. Rxe5 c6 12. d4 Bd6 13. Re1 Qh4 14. g3 Qh3 15. Be3 Bg4 16. Qd3 Rae8 17. Nd2 Qh5 18. a4 Re6 19. axb5 axb5 20. Nf1 Bf5
21. Qd2 Bh3 22. Bd1 Qg6 23. Bf3 Qf5 24. Qd1 h5 25. Ra6 Bc7 26. Bh1 Rfe8 27. Qf3 Qg6 28. Rxc6 Rxc6 29. Qxd5 Rb6 30. Bg2 Bxg2
31. Kxg2 Rbe6 32. Qxb5 h4 33. d5 Qe4+ 34. f3 Qf5 35. g4 h3+= 36. Kf2 Qe5 37. Re2 R6e7=
1/2-1/2